| LEADER | 00699nam a2200205 a 4500 | ||
|---|---|---|---|
| 001 | c000089814 | ||
| 003 | CARM | ||
| 005 | 00000000000000.0 | ||
| 008 | 930426s1964 enk 00011 eng d | ||
| 019 | 1 | |a 9978365 |5 LACONCORD2021 | |
| 035 | |a (OCoLC)30245772 |5 LACONCORD2021 | ||
| 040 | |a VLINC |c VLINC | ||
| 100 | 1 | |a Valdes, Ivy. | |
| 245 | 1 | 0 | |a Nicola / |c Ivy Valdes. |
| 260 | |a London : |b Hurst & Blackett, |c 1964. | ||
| 300 | |a 191 p. ; |c 20 cm. | ||
| 852 | 8 | |b CARM |h A2:AD13G0 |i A01372 |p 0116977 |f BK | |
| 082 | 0 | 4 | |a 823.914 |2 20 |
| 999 | f | f | |i 877cdf99-3987-58d5-8a2a-1d7a9d61dcb2 |s 1806de89-10b1-508f-88c2-9643720ee7f6 |
| 952 | f | f | |p Can circulate |a CAVAL |b CAVAL |c CAVAL |d CARM 1 Store |e A01372 |f A2:AD13G0 |h Other scheme |i book |m 0116977 |